00537nam a2200145Ia 4500999001700000082001900017245003300036260006200069300001300131650005600144650004400200700002000244942000700264952012000271 c20604d20604 aRR 959.05 SOU- 0aSouthEast Asian affairs 1987 aPasir PanjangbInstitute of SouthEast Asian Studiesc1987 ax, 363p. aAsia, SouthEastern - Politics and government - 1987 aAsia, SouthEastern - Study and teaching aAyood, Mohammed cBK 00104070aNASSDOCbNASSDOCd2004-06-08i2004-10-22l0oRR 959.05 SOU-p28755r2019-04-18 00:00:00w2019-04-18yBK